Tiempo, número, átomo / (Record no. 64886)

MARC details
000 -LEADER
campo de control de longitud fija 00533nam a2200169 i 4500
001 - NÚMERO DE CONTROL
campo de control 64886
003 - IDENTIFICADOR DE NÚMERO DE CONTROL
campo de control ES-MaACL
005 - FECHA Y HORA DE LA ÚLTIMA TRANSACCIÓN
campo de control 20230906165237.0
007 - CAMPO FIJO DE DESCRIPCIÓN FÍSICA--INFORMACIÓN GENERAL
campo de control de longitud fija t|
008 - DATOS DE LONGITUD FIJA--INFORMACIÓN GENERAL
campo de control de longitud fija 040107s1946 sp ||||1| spa d
100 1# - ENTRADA PRINCIPAL--NOMBRE DE PERSONA
Nombre de persona Fortescue Pickard, R.
9 (RLIN) 51854
245 10 - MENCIÓN DEL TÍTULO
Título Tiempo, número, átomo /
Mención de responsabilidad, etc. R. Fortescue Pickard ; traducción del inglés por Carlos Botet.
260 ## - PUBLICACIÓN, DISTRIBUCIÓN, ETC.
Lugar de publicación, distribución, etc. Barcelona :
Nombre del editor, distribuidor, etc. Atalaya,
Fecha de publicación, distribución, etc. [1946] (
Fabricante Mariano Galve)
300 ## - DESCRIPCIÓN FÍSICA
Extensión 154 p. :
Otras características físicas il. ;
Dimensiones 21 cm.
700 1# - ENTRADA AGREGADA--NOMBRE PERSONAL
Nombre de persona Botet, Carlos.
9 (RLIN) 30767
852 ## - LOCALIZACIÓN
Ubicación ES-MaACL
Número de control de estantería A-483
Sublocalización o colección R.22642
Holdings
Estatus retirado Estado de pérdida Estado de daño No para préstamo Biblioteca de origen Biblioteca actual Ubicación en estantería Fecha de adquisición Fuente de adquisición Total de préstamos Signatura topográfica completa Código de barras Visto por última vez Precio de reemplazo Tipo de ítem Koha
        Biblioteca del Ateneo de Madrid Biblioteca del Ateneo de Madrid Sala Pecera Planta 1 17/01/2008     A-483 1067989 23/02/2023 23/02/2023 Libro impreso